000 01211nam a2200301 i 4500
001 bg
003 BPK
005 20200414100812.0
008 980713s1996 pl f f |000 0 pol
015 _aPB 1997/3458
020 _a8386123613
040 _aWA N
_cBPK
080 _a338.4(26)
080 _a(075.8)
100 1 _aPiocha, Stanisław
_d(1941-2012)
_eAutor
245 1 0 _aGospodarka morska :
_bekonomiczne prawidłowości funkcjonowania i rozwoju /
_cStanisław Piocha.
260 _aKoszalin :
_bWydaw. Uczelniane Wyższej Szkoły Inżynierskiej,
_c1996.
300 _a212 s. ;
_c24 cm.
504 _aBibliogr. przy rozdz.
521 _aSkrypt Instytutu Zarządzania i Marketingu do przedmiotu Gospodarka morska.
658 _aGospodarka, ekonomia, finanse
655 4 _aPodręczniki akademickie
650 4 _aGospodarka morska
710 2 _aWydawnictwo Uczelniane (Wyższa Szkoła Inżynierska ; Koszalin)
_4pbl.
856 _uhttp://dlibra.tu.koszalin.pl/dlibra/docmetadata?id=100&from=&dirids=1&ver_id=&lp=1&QI=
_yBiblioteka Cyfrowa
856 _uhttp://koha.tu.koszalin.pl/cgi-bin/koha/opac-detail.pl?biblionumber=24653
_yKatalog online BPK
942 _2UKD
_cKS
999 _c24653
_d24653